[Event "Tilburg"]
[Site "Tilburg"]
[Date "1985.??.??"]
[Round "?"]
[White "Timman, Jan H"]
[Black "Ljubojevic, Ljubomir"]
[Result "1-0"]
[WhiteElo "2640"]
[BlackElo "2615"]

1.e4 c5 2.Nf3 d6 3.d4 cxd4 4.Nxd4 Nf6 5.Nc3 a6 6.Bg5 e6 7.f4 Qb6 8.Qd2 Qxb2
9.Rb1 Qa3 10.f5 Nc6 11.fxe6 fxe6 12.Nxc6 bxc6 13.Be2 Be7 14.Rb3 Qa5 15.O-O Ra7
16.Bxf6 gxf6 17.Rb8 O-O 18.Rf3 Qe5 19.Qh6 f5 20.Rh3 Bf6 21.Bxa6 Qd4+ 22.Kh1 Qf2
23.Rf3 Qe1+ 24.Rf1 Qxc3 25.Rxc8 Rf7 26.exf5 exf5 27.Rxf8+ Rxf8 28.Bd3 Qe5
29.Bxf5 Qe7 30.a4 Kh8 31.Bd3 Qg7 32.Qh5 h6 33.a5 Qg5 34.Qh3 Bg7 35.a6 Rxf1+
36.Bxf1 Bd4 37.Qc8+ Qg8 38.Qb7 Qg7 39.Qb8+  1-0

[Event "OHRA"]
[Site "Amsterdam"]
[Date "1986.??.??"]
[Round "?"]
[White "Vaganian, Rafael A"]
[Black "Timman, Jan H"]
[Result "1-0"]
[WhiteElo "2600"]
[BlackElo "2620"]

1.Nf3 Nf6 2.c4 b6 3.d4 e6 4.g3 Ba6 5.Nbd2 Bb7 6.Bg2 Be7 7.O-O O-O 8.Qc2 d5
9.cxd5 exd5 10.Ne5 c5 11.dxc5 bxc5 12.Ndc4 Qc8 13.Na5 Ba6 14.Bf4 Qe6 15.Rfd1 h6
16.e4 d4 17.Qb3 Qxb3 18.axb3 Bd6 19.Nac4 Bxe5 20.Bxe5 Bxc4 21.bxc4 Nfd7 22.Bxd4 cxd4
23.e5 Nc6 24.Bxc6 Rad8 25.f4 Nb6 26.b3 d3 27.Kf2 Rd4 28.Ke3 Rfd8 29.Rxa7 d2
30.Be4  1-0

[Event "OHRA"]
[Site "Amsterdam"]
[Date "1986.??.??"]
[Round "?"]
[White "Ljubojevic, Ljubomir"]
[Black "Timman, Jan H"]
[Result "1-0"]
[WhiteElo "2600"]
[BlackElo "2620"]

1.e4 c5 2.Nf3 e6 3.d4 cxd4 4.Nxd4 Nf6 5.Nc3 d6 6.g4 h6 7.h4 Be7 8.Bg2 g6
9.g5 hxg5 10.Bxg5 a6 11.Qd2 e5 12.Nde2 Be6 13.O-O-O Nbd7 14.f4 Qa5 15.Kb1 Rc8
16.Rhf1 b5 17.b3 exf4 18.Rxf4 Nh5 19.Bxe7 Nxf4 20.Qxf4 Kxe7 21.Qxd6+ Ke8
22.Nd5 Bxd5 23.Bh3 Qc7 24.Bxd7+ Qxd7 25.Qe5+ Qe6 26.Qxh8+ Ke7 27.Qd4 Bb7
28.Nf4 Qxe4 29.Qd6+ Ke8 30.Rd2 Qe1+ 31.Kb2 Qe7 32.Re2 Rxc2+ 33.Kxc2 Be4+
34.Rxe4 Qxe4+ 35.Kd2 b4 36.Qf6 a5 37.Nd3 Qg2+ 38.Qf2 Qd5 39.Qg3 Kd7 40.Qg5 Qxg5+
41.hxg5 Ke6 42.Nc5+ Kf5 43.Nb7 Kxg5 44.Nxa5  1-0

[Event "OHRA"]
[Site "Amsterdam"]
[Date "1986.??.??"]
[Round "?"]
[White "Timman, Jan H"]
[Black "Ljubojevic, Ljubomir"]
[Result "1/2-1/2"]
[WhiteElo "2620"]
[BlackElo "2600"]

1.d4 Nf6 2.c4 e6 3.Nc3 d5 4.cxd5 exd5 5.Bg5 Be7 6.e3 Nbd7 7.Bd3 Nf8 8.Qc2 Ne6
9.Bh4 g6 10.Nf3 O-O 11.O-O c6 12.Rab1 Ng4 13.Bxe7 Qxe7 14.h3 Nh6 15.Rbe1 f5
16.Ne2 Nf7 17.Nf4 Neg5 18.Nxg5 Nxg5 19.f3 Bd7 20.Qc3 Rae8 21.Bc2 Qd6 22.b4 Rf7
23.Bb3 a6 24.a4 Rfe7 25.b5 axb5 26.axb5 Nf7 27.bxc6 Bxc6 28.Qd2 g5 29.Nh5 Bb5
30.e4 Bxf1 31.Rxf1 Qg6 32.g4 dxe4 33.fxe4 f4 34.e5 Kh8 35.Nf6 Rd8 36.Qc3 Qh6
37.Bxf7 Rxf7 38.d5 Rxf6 39.exf6 Rf8 40.d6 Qxf6 41.Qxf6+ Rxf6 42.Rd1 Rf8 43.Rd5 h6
44.Kf2 Kg7 45.Kf3 Rd8 46.h4  1/2-1/2

[Event "OHRA"]
[Site "Amsterdam"]
[Date "1986.??.??"]
[Round "?"]
[White "Timman, Jan H"]
[Black "Hellers, Ferdinand"]
[Result "1-0"]
[WhiteElo "2620"]
[BlackElo "2440"]

1.e4 c5 2.Nf3 d6 3.d4 cxd4 4.Nxd4 Nf6 5.Nc3 a6 6.Be3 e5 7.Nb3 Be6 8.Qd2 Nbd7
9.f4 Qc7 10.O-O-O Rc8 11.f5 Bc4 12.Bxc4 Qxc4 13.Qd3 Be7 14.Kb1 g6 15.Rhf1 Rg8
16.Bg5 Qxd3 17.cxd3 h6 18.Bxf6 Nxf6 19.g3 b5 20.a3 h5 21.Rf3 Kd7 22.d4 exd4
23.Nxd4 Ng4 24.Nd5 Bg5 25.fxg6 Rcf8 26.gxf7 Rg7 27.Nb6+  1-0

[Event "KRO m"]
[Site "Hilversum"]
[Date "1986.??.??"]
[Round "1"]
[White "Jussupow, Artur"]
[Black "Timman, Jan H"]
[Result "1/2-1/2"]
[WhiteElo "2660"]
[BlackElo "2620"]

1.d4 Nf6 2.c4 e6 3.Nf3 b6 4.g3 Ba6 5.b3 Bb4+ 6.Bd2 Be7 7.Bg2 Bb7 8.Nc3 Na6
9.O-O O-O 10.Re1 d5 11.Ne5 c5 12.dxc5 Nxc5 13.cxd5 exd5 14.Nb5 Nce4 15.e3 Nxd2
16.Qxd2 Ne4 17.Qe2 Ba6 18.a4 Bf6 19.Bxe4 dxe4 20.Rad1 Qe7 21.Nd7 Rfd8 22.Nxf6+ Qxf6
23.Rxd8+ Rxd8 24.Rd1 g6 25.Rxd8+ Qxd8 26.Qc4 Qd1+ 27.Kg2 Qf3+ 28.Kg1 Qd1+  1/2-1/2

[Event "KRO m"]
[Site "Hilversum"]
[Date "1986.??.??"]
[Round "2"]
[White "Timman, Jan H"]
[Black "Jussupow, Artur"]
[Result "1/2-1/2"]
[WhiteElo "2620"]
[BlackElo "2660"]

1.e4 e5 2.Nf3 Nf6 3.Nxe5 d6 4.Nf3 Nxe4 5.d4 d5 6.Bd3 Nc6 7.O-O Bg4 8.c4 Nf6
9.Nc3 Bxf3 10.Qxf3 Nxd4 11.Qe3+ Ne6 12.cxd5 Nxd5 13.Nxd5 Qxd5 14.Be4 Qb5
15.a4 Qa6 16.Rd1 Be7 17.Qf3 Rd8 18.Bd3 Qa5 19.Bd2 Bb4 20.Be3 O-O 21.Qxb7 Nc5
22.Bxc5 Bxc5 23.Qb5  1/2-1/2

[Event "KRO m"]
[Site "Hilversum"]
[Date "1986.??.??"]
[Round "5"]
[White "Jussupow, Artur"]
[Black "Timman, Jan H"]
[Result "1/2-1/2"]
[WhiteElo "2660"]
[BlackElo "2620"]

1.d4 e6 2.Nf3 c5 3.e3 Nf6 4.Bd3 b6 5.O-O Bb7 6.Nbd2 Be7 7.e4 d5 8.e5 Nfd7
9.Re1 Nc6 10.c3 g5 11.h3 h5 12.Nf1 g4 13.hxg4 hxg4 14.N3h2 cxd4 15.cxd4 Nxd4
16.Qxg4 Nc6 17.Qg7 Rf8 18.Bh6 Qc7 19.Qh7 Ndxe5 20.Bxf8 Bxf8 21.Ng4 O-O-O
22.Nxe5 Nxe5 23.Rac1 Nc6 24.a3 Kb8 25.Bb5 d4 26.Rxc6 Bxc6 27.Bxc6 Qxc6 28.Qxf7 d3
29.Rxe6 Qd5 30.Qf4+ Bd6 31.Qe4 Qb5 32.a4 Qb4 33.Re8 Qxe4 34.Rxe4 Bc5 35.Re1 Kb7
36.Nd2 Ka6 37.Nb3 Bb4 38.Rd1 b5 39.a5 d2 40.Kf1 Rd3 41.Na1 Bxa5 42.Ke2 Rd8
43.Nb3 Re8+ 44.Kd3 Re1 45.Kc2 Bb4 46.g4 Re2 47.f3 Rf2 48.Nxd2 Kb6 49.Kd3 a5
50.g5 Bxd2 51.Rxd2 Rxf3+ 52.Ke4 Rg3 53.Kf5 Kc5 54.g6 a4 55.Rc2+ Kd6 56.Re2 b4
57.Re4 Kc5 58.Kf6 a3 59.bxa3 bxa3 60.g7 a2 61.Ra4 Rf3+  1/2-1/2

[Event "Tilburg"]
[Site "Tilburg"]
[Date "1986.??.??"]
[Round "1"]
[White "Timman, Jan H"]
[Black "Portisch, Lajos"]
[Result "1-0"]
[WhiteElo "2620"]
[BlackElo "2605"]

1.d4 d5 2.c4 c6 3.Nf3 Nf6 4.Nc3 dxc4 5.Ne5 b5 6.g3 Bb7 7.Bg2 a6 8.a4 e6 9.Bg5 Qb6
10.O-O Be7 11.e3 h6 12.f4 Ra7 13.Bxf6 gxf6 14.Qh5 Rf8 15.Ng4 f5 16.Ne5 Nd7
17.Nxd7 Kxd7 18.g4 Rg8 19.a5 Qd8 20.gxf5 Qf8 21.Rf2 Kc7 22.e4 Ra8 23.e5 exf5
24.Qxf5 Rd8 25.Qe4 f5 26.Qe3 c5 27.d5 Bxd5 28.Nxd5+ Rxd5 29.Qf3 Qd8 30.Kh1 Rxg2
31.Qxg2 Bh4 32.Rf3 Rd2 33.Qh3 Qd5 34.Rf1 Bf2 35.Qg2 Be3 36.Qg7+ Kb8 37.Qf8+ Kb7
38.Qxh6 Rxb2 39.Qb6+ Kc8 40.Qxa6+ Kd7 41.Qa7+ Kc8 42.a6 Re2 43.Qh7 c3 44.a7 Ra2
45.e6 Bxf4 46.e7 Kd7 47.e8=Q+ Kxe8 48.Re1+ Kd8 49.Qh8+  1-0

[Event "Euwe mem"]
[Site "Amsterdam"]
[Date "1987.??.??"]
[Round "?"]
[White "Timman, Jan H"]
[Black "Karpov, Anatoly"]
[Result "1/2-1/2"]
[WhiteElo "2590"]
[BlackElo "2710"]

1.d4 Nf6 2.c4 e6 3.Nf3 d5 4.Bg5 dxc4 5.Nc3 Bb4 6.e4 c5 7.e5 cxd4 8.Qa4+ Nc6
9.O-O-O h6 10.exf6 hxg5 11.fxg7 Rg8 12.Nxd4 Bxc3 13.bxc3 Qa5 14.Qxa5 Nxa5
15.h4 g4 16.h5 Rxg7 17.h6 Rh7 18.Be2 b6 19.Bxg4 Bb7 20.Nf3 Ke7 21.Ng5 Rhh8
22.h7 Bxg2 23.Rh6 Bc6 24.f4 Be8 25.f5 exf5 26.Bxf5 Rd8 27.Re1+ Kf8 28.Be4 Kg7
29.Rh2 Rd6 30.Rg1 Kf8 31.Rhg2 Ke7 32.Nh3 Bd7 33.Nf4 Rh6 34.Rg7 Kf6 35.Rg8 R8xh7
36.Bxh7 Rxh7 37.Re1 Bc6 38.Rd8 Rh4 39.Rd6+ Kg7 40.Rg1+ Kf8 41.Rd4 Rh2 42.Rd2 Rh6
43.Rf2 Ke7 44.Re1+ Kd7 45.Ne2 Bd5 46.Rd1 Rd6 47.Nd4 Be6 48.Rh1 a6 49.Rh8 Bd5
50.Rd2 Kc7 51.Nf5 Rd7 52.Ng7 Kc6 53.Rh6+ Rd6 54.Rxd6+ Kxd6 55.Ne8+ Kc6 56.Nf6  1/2-1/2

[Event "Euwe mem"]
[Site "Amsterdam"]
[Date "1987.??.??"]
[Round "?"]
[White "Kortschnoj, Viktor"]
[Black "Timman, Jan H"]
[Result "1/2-1/2"]
[WhiteElo "2625"]
[BlackElo "2590"]

1.Nf3 c5 2.c4 Nf6 3.g3 Nc6 4.d4 cxd4 5.Nxd4 Qb6 6.e3 e6 7.Bg2 Bb4+ 8.Bd2 d5
9.cxd5 Nxd4 10.exd4 O-O 11.Bxb4 Qxb4+ 12.Qd2 Qxd2+ 13.Kxd2 exd5 14.Nc3 Be6
15.Rhc1 Rac8 16.Nb5 Bd7 17.Nd6 Rc6 18.Rxc6 bxc6 19.f3 Rb8 20.Kc2 Kf8 21.Re1 a5
22.Bf1 g6 23.Ba6 Ra8 24.Bd3 Ra7 25.Kb3 Nh5 26.a4 Ng7 27.f4 Ne6 28.Kc3 Ke7
29.f5 Kxd6 30.fxe6 fxe6 31.Rf1 Rc7 32.Rf7 c5 33.Rxh7 cxd4+ 34.Kxd4 e5+ 35.Ke3 g5
36.h4 gxh4 37.gxh4 Rc1 38.Rh6+ Kc5 39.Ra6 Re1+ 40.Kd2 Rh1 41.Kc3 d4+ 42.Kb3 Rh3
43.Rxa5+ Kb6 44.Rxe5 Rxd3+ 45.Kc4 Rd1 46.h5 d3 47.Kc3 Bxa4 48.h6 Rh1 49.Kxd3 Rxh6
50.b4 Rh4 51.Kc3 Rh3+ 52.Kd4 Bc6 53.Rc5 Bb5 54.Rc3 Rh4+ 55.Kd5 Rxb4 56.Rc1 Rh4
57.Rc3 Rh5+ 58.Kd4 Bc6 59.Rb3+ Kc7 60.Rg3 Bd5 61.Rg6 Kd7 62.Rf6 Be6 63.Rf8 Kd6
64.Rd8+ Bd7 65.Ke3 Rh4 66.Kd3 Ke6 67.Kc3 Rg4 68.Ra8 Bc6 69.Rh8 Kd6 70.Kd3 Kc5
71.Ke3 Re4+ 72.Kd3 Rf4 73.Rh5+ Bd5 74.Re5 Ra4 75.Re3 Rb4 76.Ke2 Be4 77.Ra3 Kd4
78.Kf2 Rb2+ 79.Kg3 Ke5 80.Kg4 Rg2+ 81.Rg3 Rh2 82.Kg5 Rf2 83.Kg4 Rf8 84.Kg5 Bf3
85.Kh4 Kf4 86.Rg4+ Ke3 87.Rg7 Rf5 88.Kg3 Rf4 89.Rg5 Rf7 90.Re5+ Be4 91.Kg4 Rf6
92.Ra5 Rh6 93.Re5 Ra6 94.Rb5 Re6 95.Ra5 Bd3 96.Rg5 Ke4 97.Rg7 Re5 98.Rg5 Be2+
99.Kh4 Re8 100.Rg7  1/2-1/2

[Event "Euwe mem"]
[Site "Amsterdam"]
[Date "1987.??.??"]
[Round "?"]
[White "Karpov, Anatoly"]
[Black "Timman, Jan H"]
[Result "1/2-1/2"]
[WhiteElo "2710"]
[BlackElo "2590"]

1.d4 Nf6 2.c4 g6 3.Nf3 Bg7 4.g3 c6 5.Bg2 d5 6.cxd5 cxd5 7.Nc3 O-O 8.Ne5 e6
9.O-O Nfd7 10.f4 Nc6 11.Be3 Ndxe5 12.fxe5 f6 13.exf6 Rxf6 14.Qd2 Bd7 15.Kh1 Rxf1+
16.Rxf1 Qe7 17.Rd1 Rc8 18.a3 Bf6 19.Bg1 Bg5 20.Qe1 Nd8 21.e4 dxe4 22.Qxe4 b6
23.d5 Bf6 24.Bd4 Bxd4 25.Qxd4 Qg7 26.Qh4 Nf7 27.dxe6 Bxe6 28.Qe7 Bb3 29.Rd7 Qe5
30.Rxa7 Re8 31.Qxe5 Rxe5 32.h3 Re1+ 33.Kh2 Rc1 34.Rb7 Rc2 35.Kg1 Rc1+ 36.Kh2 Rc2
37.Rxb6 Bc4 38.Kg1 Rc1+ 39.Kf2 Rc2+ 40.Kg1 Rc1+ 41.Kf2 Rc2+ 42.Kf3 Ng5+ 43.Kg4 Rxg2
44.Kxg5 Rxg3+ 45.Kf6 Rf3+ 46.Ke5 Rxh3 47.a4 Bf1 48.Nd5 Rh5+ 49.Kd6 Rh2 50.b4 Rd2
51.Ke5 Re2+ 52.Kd4 Rd2+ 53.Kc5 Rc2+ 54.Kd6 h5 55.Ne3 Rc1 56.b5 Be2 57.a5 Ra1  1/2-1/2

[Event "Brussels blitz"]
[Site "Brussels"]
[Date "1987.??.??"]
[Round "?"]
[White "Kortschnoj, Viktor"]
[Black "Timman, Jan H"]
[Result "1/2-1/2"]
[WhiteElo "2625"]
[BlackElo "2590"]

1.Nf3 Nf6 2.c4 g6 3.Nc3 d5 4.cxd5 Nxd5 5.e4 Nxc3 6.dxc3 Qxd1+ 7.Kxd1 Nd7
8.Bf4 c6 9.Bd3 f6 10.Be3 e5 11.Bc4 Bc5 12.Ke2 Bxe3 13.Kxe3 Ke7 14.Rhd1 Nb6
15.Bb3 Be6 16.Bxe6 Kxe6 17.b3 Rad8 18.Ne1 f5 19.Nd3 Nd7 20.f3 b6 21.Rd2 Nf6
22.Rad1 Rd7 23.Nb4 a5 24.Rxd7 Nxd7 25.Nc2 Nc5 26.Na3 b5 27.Nc2 Rf8 28.Ne1 fxe4
29.fxe4 Rf4 30.Nd3 Rxe4+ 31.Kf3 Nxd3 32.Rxd3 Rf4+ 33.Ke2 Rf8 34.Rh3 h5 35.Rg3 Rf6
36.Rd3 Ke7 37.Re3 Kd6 38.Rd3+ Kc5 39.Rd8 a4 40.Re8 axb3 41.axb3 Kd6 42.Rd8+ Ke7
43.Rc8 Kd7 44.Rg8 Kd6 45.Rd8+ Kc5 46.Re8 Kd5 47.Rd8+ Ke4 48.Rg8 Rd6 49.Rf8 Rd3
50.Rf6 Rxc3 51.Rxg6 c5 52.g4 hxg4 53.Rxg4+ Kd5 54.b4 c4 55.h4 Rh3 56.Kd2 e4
57.Rg5+ Kd4 58.Rxb5 Rh2+ 59.Kd1 c3 60.Rc5 e3 61.Rc8 e2+ 62.Ke1 Kd3 63.Rd8+ Kc2
64.b5 Kb2 65.b6 c2 66.Rc8 c1=Q+ 67.Rxc1 Kxc1 68.b7 Rh1+ 69.Kxe2 Rh2+ 70.Kf3 Rb2
71.Kf4 Rxb7 72.Kg5 Rb5+ 73.Kg6 Rb6+ 74.Kg7 Kd2 75.h5 Ke3 76.h6 Kf4 77.h7 Kg5
78.h8=Q Rb7+ 79.Kg8 Rb8+  1/2-1/2

[Event "Brussels blitz"]
[Site "Brussels"]
[Date "1987.??.??"]
[Round "?"]
[White "Torre, Eugenio"]
[Black "Timman, Jan H"]
[Result "0-1"]
[WhiteElo "2540"]
[BlackElo "2590"]

1.d4 Nf6 2.Nf3 g6 3.c3 Bg7 4.Bg5 b6 5.Nbd2 Bb7 6.e3 O-O 7.Bd3 d6 8.O-O Nbd7
9.e4 e5 10.Re1 Qe8 11.a4 a6 12.Qc2 Nh5 13.Nc4 h6 14.Bh4 Nf4 15.Bf1 f5 16.exf5 gxf5
17.dxe5 dxe5 18.Bg3 Ng6 19.Bxe5 Ngxe5 20.Nfxe5 Bxe5 21.f4 Be4 22.Rxe4 fxe4
23.fxe5 Nxe5 24.Qxe4 Ng6 25.Qg4 Kg7 26.Qg3 Qe7 27.Bd3 Rf6 28.Re1 Qc5+ 29.Kh1 Raf8
30.h3 Qg5 31.Qxc7+ R8f7 32.Qd8 Rf1+ 33.Rxf1 Qxd8 34.Rxf7+ Kxf7 35.Be2 Kf6
36.Bf3 Ne5 37.Nxe5 Kxe5 38.Bb7 Kf4 39.Bxa6 Kg3  0-1

[Event "Brussels blitz"]
[Site "Brussels"]
[Date "1987.??.??"]
[Round "?"]
[White "Timman, Jan H"]
[Black "Torre, Eugenio"]
[Result "1-0"]
[WhiteElo "2590"]
[BlackElo "2540"]

1.e4 e5 2.Nf3 Nc6 3.Bb5 a6 4.Bxc6 dxc6 5.O-O Qd6 6.d3 Be6 7.Be3 c5 8.Nbd2 f6
9.Qe2 Qd7 10.Rfd1 Bd6 11.c3 Bg4 12.Nb3 b6 13.d4 cxd4 14.cxd4 Ne7 15.h3 Bxf3
16.Qxf3 O-O 17.Rac1 Qa4 18.Qe2 Kh8 19.Qc4 Qe8 20.Nd2 Ng6 21.Nf3 a5 22.d5 Qd7
23.Qc6 Qe7 24.Rc2 Rf7 25.Rdc1 Raf8 26.Nd2 Nh4 27.g3 Ng6 28.Nc4 f5 29.exf5 Rxf5
30.Nxd6 cxd6 31.Qxb6 Nf4 32.Rc7 Qf6 33.gxf4 exf4 34.Bd4 Rg5+ 35.Kf1 Qf5 36.Qb3 f3
37.Qe3 Qxh3+ 38.Ke1 Rg6 39.Kd2 h6 40.Re7 Rc8 41.Rxc8+ Qxc8 42.Re8+ Qxe8 43.Qxe8+ Kh7
44.Qf7 Rg5 45.Ke3 Rg6 46.Kxf3 Rg5 47.Kf4 Rg6 48.f3 Rg2 49.Qf5+ Kg8 50.Qe6+ Kh7
51.Qxd6 Rg5 52.Qe6 Rg2 53.d6 Rg6 54.Qf5 h5 55.d7 h4 56.d8=Q  1-0

[Event "Brussels blitz"]
[Site "Brussels"]
[Date "1987.??.??"]
[Round "?"]
[White "Timman, Jan H"]
[Black "Tal, Mihail"]
[Result "1-0"]
[WhiteElo "2590"]
[BlackElo "2605"]

1.e4 e5 2.Nf3 Nc6 3.Bb5 a6 4.Ba4 Nf6 5.O-O Be7 6.Re1 b5 7.Bb3 O-O 8.a4 Bb7
9.d3 Re8 10.Nc3 b4 11.Nd5 Na5 12.Ba2 b3 13.Nxf6+ Bxf6 14.cxb3 c5 15.b4 cxb4
16.Bd2 Nc6 17.Bd5 a5 18.Rc1 Rc8 19.Be3 d6 20.Qb3 Qd7 21.Rc2 Nd4 22.Bxd4 Bxd5
23.exd5 exd4 24.Rxe8+ Rxe8 25.h3 h6 26.Kf1 Bd8 27.Re2 Rxe2 28.Kxe2 Bb6 29.Qc2 Bc5
30.b3 Qf5 31.Qc4 Qg6 32.Kf1 Qf5 33.Nd2 Qf4 34.Ne4 Bb6 35.g4 g6 36.Kg2 h5
37.gxh5 gxh5 38.Qc8+ Kg7 39.Ng3 Qg5 40.Qf5 Qxf5 41.Nxf5+ Kf6 42.Nxd6 Bd8
43.Nc4 Kf5 44.Kf3 Bc7 45.d6 Bd8 46.d7 Ke6 47.Ke4 Kxd7 48.Kxd4 Ke6 49.Ke4 f5+
50.Ke3 Kd5 51.d4 Bg5+ 52.Kd3 Bf6 53.Ne3+ Ke6 54.Nc4 Kd5 55.Nxa5 Bxd4 56.f3 Bb6
57.Nc4 Bc7 58.Ne3+ Ke5 59.Ng2 Kd5 60.Nh4 Ke5 61.Ng2 Kd5 62.f4 Bd6  1-0

[Event "Brussels blitz"]
[Site "Brussels"]
[Date "1987.??.??"]
[Round "?"]
[White "Timman, Jan H"]
[Black "Ljubojevic, Ljubomir"]
[Result "0-1"]
[WhiteElo "2590"]
[BlackElo "2620"]

1.d4 d5 2.c4 c6 3.Nf3 Nf6 4.Nc3 dxc4 5.e3 Bf5 6.Bxc4 e6 7.O-O Nbd7 8.Qe2 Bg6
9.e4 b5 10.Bd3 Be7 11.Bf4 b4 12.Na4 Qa5 13.b3 O-O 14.Rac1 c5 15.Rfd1 Rac8
16.Ba6 Rcd8 17.dxc5 Nxc5 18.Nxc5 Bxc5 19.Bd3 Qb6 20.Bg5 Rd7 21.Bxf6 gxf6
22.h3 Rfd8 23.Bc2 Rxd1+ 24.Rxd1 Rxd1+ 25.Bxd1 f5 26.exf5 Bxf5 27.Ne5 Bd4
28.Nc4 Qc5 29.Bc2 Bxf2+ 30.Kf1 Bxc2 31.Qxc2 Bd4 32.Qe4 Qd5 33.Qxd5 exd5 34.Nd6 Bc5
35.Nf5 f6 36.Ke2 Kf7 37.g4 Ke6 38.Kd3 Ke5 39.Ng7 Bb6 40.Nf5 Bf2 41.Ng7 Bc5
42.Nf5 Kf4 43.Ke2 Ke4 44.Ng3+ Kd4 45.Kd2 Bb6 46.Nh5 Bd8 47.Ng3 Ke5 48.Kd3 Bb6
49.Nh5 Bc5 50.Ng7 Bf8 51.Nh5 Be7 52.Ng7 Bc5 53.Nh5 f5 54.g5 f4 55.h4 Kf5
56.Nf6 h6 57.Nxd5 hxg5 58.hxg5 Kxg5 59.Ke2 Kg4 60.Nf6+ Kf5 61.Nd7 Bd6 62.Kf3 Ke6
63.Nf8+ Bxf8 64.Kxf4 Kd5 65.Ke3 Bg7 66.Kd3 Bf6 67.Ke3 Bd4+ 68.Kd3 a6  0-1

[Event "Brussels blitz"]
[Site "Brussels"]
[Date "1987.??.??"]
[Round "?"]
[White "Timman, Jan H"]
[Black "Larsen, Bent"]
[Result "1-0"]
[WhiteElo "2590"]
[BlackElo "2565"]

1.e4 c5 2.Nf3 Nc6 3.d4 cxd4 4.Nxd4 g6 5.c4 Bg7 6.Be3 Nf6 7.Nc3 Ng4 8.Qxg4 Nxd4
9.Qd1 Ne6 10.Rc1 Qa5 11.Qd2 b6 12.Be2 Bb7 13.f3 h5 14.b3 h4 15.O-O g5 16.Rfd1 d6
17.Nd5 Qxd2 18.Rxd2 Be5 19.a4 f6 20.Rcd1 Kf7 21.Ra2 Nf4 22.Bf1 Rhc8 23.a5 Nxd5
24.exd5 bxa5 25.Rxa5 a6 26.Ra4 e6 27.dxe6+ Kxe6 28.b4 Bc6 29.Ra3 Rcb8 30.Rb1 d5
31.cxd5+ Bxd5 32.Rxa6+ Rxa6 33.Bxa6 h3 34.Bf1 hxg2 35.Bxg2 Ra8 36.b5 Ra3
37.Bf2 Ra2 38.h3 Kd6 39.b6 Bb7 40.f4 Bd4 41.Rd1 Bxg2 42.Rxd4+ Kc6 43.Kxg2 gxf4
44.Rxf4  1-0

[Event "Brussels blitz"]
[Site "Brussels"]
[Date "1987.??.??"]
[Round "?"]
[White "Larsen, Bent"]
[Black "Timman, Jan H"]
[Result "0-1"]
[WhiteElo "2565"]
[BlackElo "2590"]

1.Nf3 Nf6 2.c4 e6 3.g3 a6 4.Nc3 d5 5.d4 dxc4 6.Bg2 Be7 7.O-O O-O 8.Ne5 Nd5
9.Nxc4 Nxc3 10.bxc3 Ra7 11.a4 b6 12.e4 Bb7 13.Be3 Nd7 14.d5 exd5 15.exd5 Bc5
16.Re1 Qf6 17.Bxc5 Nxc5 18.Qd4 Nd7 19.Qxf6 Nxf6 20.Rad1 Rd8 21.Re7 Rd7 22.d6 Bxg2
23.Kxg2 Kf8 24.Ne5 cxd6 25.Nxd7+ Kxe7 26.Nxb6 Rc7 27.Re1+ Kd8 28.Rd1 Rc6
29.Nd5 Nxd5 30.Rxd5 Kc7 31.Rd3 Rc4 32.Re3 Kd7 33.h4 Rxa4 34.Re1 Rc4 35.Ra1 Rc6
36.Kf1 Kc7 37.Ke2 Kb6 38.Kd3 a5 39.Ra4 Rc5 40.Rf4 f5 41.g4 g6 42.h5 Kb5 43.hxg6 hxg6
44.Rd4 Kc6 45.g5 Rd5 46.Kc4 Rxd4+ 47.cxd4 d5+ 48.Kc3 Kb5 49.Kb3 a4+  0-1

[Event "Brussels blitz"]
[Site "Brussels"]
[Date "1987.??.??"]
[Round "?"]
[White "Timman, Jan H"]
[Black "Karpov, Anatoly"]
[Result "0-1"]
[WhiteElo "2590"]
[BlackElo "2710"]

1.d4 Nf6 2.c4 e6 3.Nf3 b6 4.g3 Ba6 5.b3 Bb4+ 6.Bd2 Be7 7.Bg2 c6 8.Bc3 d5
9.Ne5 O-O 10.Nd2 Nfd7 11.Nxd7 Nxd7 12.O-O Rc8 13.Re1 f5 14.Rc1 Nf6 15.Nf3 dxc4
16.Ne5 Nd5 17.bxc4 Nxc3 18.Rxc3 Bb4 19.Qd3 c5 20.d5 Bb7 21.Rd1 Bxc3 22.Qxc3 exd5
23.cxd5 Qd6 24.f4 b5 25.e4 fxe4 26.Bxe4 c4 27.Qc2 g6 28.h4 Rce8 29.Qc3 Re7
30.Qd4 a6 31.Bg2 Rfe8 32.Re1 Rd8 33.Rd1 Rc7 34.Kh2 Qc5 35.Qe4 c3 36.Bh3 Qf2+
37.Bg2 c2 38.Rc1 Bxd5  0-1

[Event "Brussels blitz"]
[Site "Brussels"]
[Date "1987.??.??"]
[Round "?"]
[White "Timman, Jan H"]
[Black "Huebner, Robert"]
[Result "1/2-1/2"]
[WhiteElo "2590"]
[BlackElo "2615"]

1.e4 e6 2.d4 d5 3.Nc3 Bb4 4.Bd2 Ne7 5.a3 Bxc3 6.Bxc3 dxe4 7.Qg4 O-O 8.Qxe4 Nd7
9.Nf3 Nf6 10.Qd3 b6 11.O-O-O Bb7 12.Ne5 Ne4 13.Be1 c5 14.f3 Nf6 15.dxc5 Qc7
16.Qd6 Qxc5 17.Qxc5 bxc5 18.Bf2 Rfc8 19.Nd7 Rc7 20.Nxc5 Rac8 21.b4 a5 22.Bg3 Rc6
23.Bd3 Ba8 24.Nb3 axb4 25.axb4 Ned5 26.b5 Rc3 27.Nd4 Nb4 28.Kd2 Nfd5 29.Rb1 Nxd3
30.cxd3 Ra3 31.Ra1 Rcc3 32.Rxa3 Rxa3 33.Rc1 Bb7 34.Nc6 g5 35.Be5 f6 36.Bd4 e5
37.Rc5 Ra2+ 38.Kd1 Nf4 39.Be3 Nxg2 40.Bd2 Nh4 41.Ke2 Rb2 42.Ke3 Nf5+ 43.Ke2 Nh4
44.Ke3 Ng2+ 45.Ke2 Nf4+ 46.Ke3 Rb3 47.Bc3 Kg7 48.Na5 Nd5+ 49.Rxd5 Bxd5 50.Nxb3 Bxb3
51.d4 Bd5 52.dxe5 fxe5 53.Bxe5+ Kg6 54.Kf2 Kf5 55.Bc7 h5 56.b6 g4 57.fxg4+ hxg4  1/2-1/2

[Event "Brussels blitz"]
[Site "Brussels"]
[Date "1987.??.??"]
[Round "?"]
[White "Short, Nigel D"]
[Black "Timman, Jan H"]
[Result "0-1"]
[WhiteElo "2615"]
[BlackElo "2590"]

1.e4 e6 2.d4 d5 3.Nc3 Bb4 4.e5 c5 5.a3 Bxc3+ 6.bxc3 Ne7 7.Nf3 Nbc6 8.Be2 Qa5
9.O-O Bd7 10.a4 h6 11.Ba3 c4 12.Qd2 O-O-O 13.Rfb1 Be8 14.Bf1 Nf5 15.g3 f6
16.exf6 gxf6 17.Bh3 Bg6 18.Re1 Rde8 19.Bb4 Qc7 20.a5 Qd7 21.a6 b6 22.Qf4 Qc7
23.Qxc7+ Kxc7 24.Ba3 Kd7 25.Bc1 Nd6 26.Ra2 Ne4 27.Nh4 Bf7 28.Re3 Rhg8 29.f3 Nd6
30.Re2 h5 31.Bd2 Kc7 32.Ra1 e5 33.dxe5 fxe5 34.Kh1 d4 35.Nf5 Bd5 36.Rf1 Rgf8
37.Nxd6 Kxd6 38.Bg2 Kc5 39.Kg1 Rf7 40.cxd4+ Nxd4 41.Be3 Ref8 42.c3 Bxf3 43.Rd2 Bxg2
44.Rxf7 Rxf7 45.Kxg2 Rd7 46.g4 hxg4 47.Kg3 b5 48.Kxg4 b4 49.cxd4+ exd4 50.Bg1 c3
51.Rd1 Kc4 52.h4 b3 53.h5 c2 54.Rc1 d3 55.Be3 b2 56.h6 b1=Q  0-1

[Event "KRO m"]
[Site "Hilversum"]
[Date "1987.??.??"]
[Round "2"]
[White "Ljubojevic, Ljubomir"]
[Black "Timman, Jan H"]
[Result "1/2-1/2"]
[WhiteElo "2625"]
[BlackElo "2630"]

1.e4 d6 2.d4 Nf6 3.Nc3 g6 4.f4 Bg7 5.Nf3 O-O 6.Bd3 Nc6 7.O-O Bg4 8.e5 dxe5
9.dxe5 Nd5 10.Qe1 Ndb4 11.Be4 f5 12.Bxc6 Nxc6 13.Be3 Bxf3 14.Rxf3 e6 15.Bc5 Rf7
16.Rd1 Rd7 17.Rfd3 Rxd3 18.Rxd3 Qe8 19.Qd2 a6 20.h4 Bh6 21.Be3 Bf8 22.a3 Be7
23.Bf2 Rd8 24.Kf1 h6 25.Ne2  1/2-1/2

[Event "KRO m"]
[Site "Hilversum"]
[Date "1987.??.??"]
[Round "4"]
[White "Ljubojevic, Ljubomir"]
[Black "Timman, Jan H"]
[Result "1/2-1/2"]
[WhiteElo "2625"]
[BlackElo "2630"]

1.e4 c5 2.Nf3 e6 3.d4 cxd4 4.Nxd4 Nf6 5.Nc3 d6 6.g4 h6 7.h4 Be7 8.Rg1 d5
9.exd5 Nxd5 10.Nxd5 Qxd5 11.Be3 Nc6 12.g5 hxg5 13.hxg5 Bd7 14.c3 Rh1 15.Rxh1 Qxh1
16.Qf3 Qxf3 17.Nxf3 e5 18.Bd3 O-O-O 19.Be4 f6 20.gxf6 gxf6 21.Nh4 Be6 22.Ke2 Bf8
23.b3 a6 24.Bb6 Rd7 25.Nf5 Ne7 26.Nxe7+ Rxe7 27.Rh1 Bg7 28.Rd1 Rd7 29.Rxd7  1/2-1/2

[Event "NLD-ch"]
[Site "?"]
[Date "1987.??.??"]
[Round "?"]
[White "Timman, Jan H"]
[Black "Riemersma, Liafbern"]
[Result "1-0"]
[WhiteElo "2590"]
[BlackElo "2395"]

1.e4 e5 2.Nf3 Nc6 3.Bb5 a6 4.Ba4 Nf6 5.O-O Be7 6.Re1 b5 7.Bb3 O-O 8.a4 Bb7
9.d3 d6 10.Nc3 Na5 11.Ba2 b4 12.Ne2 b3 13.cxb3 Nc6 14.Bd2 a5 15.Ng3 Re8 16.Rc1 Bf8
17.b4 Nxb4 18.Bxb4 axb4 19.Ng5 Re7 20.d4 Qe8 21.dxe5 dxe5 22.Nxf7 Rxf7 23.Rxc7 Bd5
24.Bxd5 Nxd5 25.Qxd5 Rxa4 26.Re3 Ra1+ 27.Nf1 Ra6 28.Rf3 Rf6 29.Nd2 Be7 30.Ra7 Rd6
31.Ra8  1-0

[Event "Euwe mem"]
[Site "Amsterdam"]
[Date "1988.??.??"]
[Round "?"]
[White "Ljubojevic, Ljubomir"]
[Black "Timman, Jan H"]
[Result "1-0"]
[WhiteElo "2610"]
[BlackElo "2675"]

1.e4 c5 2.Nf3 e6 3.Nc3 d6 4.d4 cxd4 5.Qxd4 Nc6 6.Bb5 Bd7 7.Qd3 Nf6 8.Bf4 a6
9.Bxc6 Bxc6 10.O-O-O Be7 11.Rhe1 Qb6 12.Bxd6 O-O-O 13.e5 Ne8 14.Nd5 Bxd5
15.Bxe7 Rd7 16.Qa3 Qxf2 17.Rd2 Qb6 18.Nd4 f6 19.Bc5 Qc7 20.c4 Bxc4 21.Rc2 fxe5
22.Nxe6 Qc6 23.Rxe5 Nc7 24.Rxc4 Nxe6 25.Qh3 Nc7 26.b3 Qf6 27.Bd4 Rd8 28.Rxc7+  1-0

[Event "Optiebeurs"]
[Site "Amsterdam"]
[Date "1988.??.??"]
[Round "1"]
[White "Timman, Jan H"]
[Black "Karpov, Anatoly"]
[Result "1/2-1/2"]
[WhiteElo "2675"]
[BlackElo "2715"]

1.d4 Nf6 2.c4 e6 3.Nf3 d5 4.Nc3 Be7 5.Bg5 h6 6.Bh4 O-O 7.e3 b6 8.Be2 Bb7
9.Bxf6 Bxf6 10.cxd5 exd5 11.b4 c5 12.bxc5 bxc5 13.Rb1 Qa5 14.O-O cxd4 15.Nxd4 Nc6
16.Ndb5 Ne7 17.Qa4 Qxa4 18.Nxa4 Bc6 19.Nc5 Rfc8 20.Rfc1 Bxb5 21.Bxb5 d4 22.Nd7 dxe3
23.Nxf6+ gxf6 24.fxe3 Rab8 25.Ba4 Kg7 26.Rxb8 Rxc1+ 27.Kf2 Rc7  1/2-1/2

[Event "Optiebeurs"]
[Site "Amsterdam"]
[Date "1988.??.??"]
[Round "3"]
[White "Timman, Jan H"]
[Black "Karpov, Anatoly"]
[Result "1/2-1/2"]
[WhiteElo "2675"]
[BlackElo "2715"]

1.e4 c6 2.d4 d5 3.Nd2 dxe4 4.Nxe4 Nd7 5.Bc4 Ngf6 6.Ng5 e6 7.Qe2 Nb6 8.Bd3 h6
9.N5f3 c5 10.dxc5 Bxc5 11.Ne5 Nbd7 12.Ngf3 Qc7 13.Bf4 Bb4+ 14.Kf1 Bd6 15.Bg3 O-O
16.Rd1 Nxe5 17.Nxe5 Rd8 18.Nc4 Bxg3 19.hxg3 Bd7 20.Qe5 Rac8 21.Qxc7 Rxc7
22.Ne3 Kf8 23.Rh4 Bc6 24.Rb4 Rcd7 25.Be2 Nd5 26.Nxd5 Bxd5 27.Rd3 Ke7 28.Bf3 a5
29.Rbd4 Bxa2 30.Rxd7+ Rxd7 31.Rxd7+ Kxd7 32.Bxb7 Bc4+ 33.Ke1 Kc7 34.Ba8 Kd6
35.Kd2 e5 36.g4 Be6 37.Bf3 f6 38.g3 Kc5 39.Be2 Kd4 40.c3+ Kc5 41.Ke3 Bd5
42.Bd3  1/2-1/2